History Quiz

Random History Quiz

Assassination of Abraham Lincoln Quiz Stats

 Plays Quiz not verified by Sporcle

Support Sporcle.
Go Orange.
Score 0/15 Timer 05:00
0 Plays Today
Hint Answer % Correct
His assassinJohn Wilkes Booth
96.9%
Where the assassination took placeFord's Theatre
89.4%
Date of Lincoln's assassinationApril 14, 1865
85%
Name of the play that was being performedOur American Cousin
76%
Would-be assassin George Atzerodt got cold feet and failed to kill this public officialAndrew Johnson
62.2%
Date of Lincoln's deathApril 15, 1865
60.6%
Other government official attacked that nightWilliam Seward
59.8%
What Booth yelled to the audience as he fled across the stage'Sic semper tyrannis'
46.5%
Hint Answer % Correct
Person who attacked this government officialLewis Powell
40.9%
Type of gun used by Booth to shoot LincolnPhiladelphia Deringer
35%
Official time of Lincoln's death7:22 a.m.
33.9%
Starring actress of the playLaura Keene
31.1%
Lincoln's two guests in the presidential boxMajor Henry Rathbone and Clara Harris
30.3%
The first doctor to arrive at Lincoln's sideDr. Charles Leale
22.4%
Where Lincoln was moved to after being shotWilliam Petersen's boarding house
11.8%

You're not logged in!

Compare scores with friends on all Sporcle quizzes.
OR
Log In

From the Vault

Southern Hemisphere Countries

by ipitydafoo

You can't tell these countries to go south--they're already there.
Remove Ads.
Support Sporcle.
Get the best of Sporcle when you Go Orange. This ad-free experience offers more features, more stats, and more fun while also helping to support Sporcle. Thank you for becoming a member.

Show Comments

Extras

Top Quizzes Today


Score Distribution

Your Account Isn't Verified!

In order to create a playlist on Sporcle, you need to verify the email address you used during registration. Go to your Sporcle Settings to finish the process.

Report this User

Report this user for behavior that violates our Community Guidelines.

Details: